000 nam a22 7a 4500
999 _c8456
_d8456
008 180116b ||||| |||| 00| 0 eng d
100 _94854
_aSOUZA.E.D ET AL
245 _aENGLISH MARI GOLD-1
260 _aMEERAT
_bARIHAND
_c2015